000 00602nmm a2200169Ia 4500
008 251105s9999||||xx |||||||||||||||||und||
020 _a9788437095042
041 _aeng
100 _aMartín Iglesias, Mercedes
245 0 _aExperts and Campaigners :
_b Scientific information and collective action in socio-ecological conflicts
264 _a[Madrid, España] :
_bPublicaciones de la Universidad de Valencia (PUV),
_c2014
300 _a170 páginas
490 _aFora de Col·lecció
650 _aEnvironmental Sciences
856 _uhttps://public.digitaliapublishing.com/a/38795
942 _cCF
999 _c82663
_d82663